000 00534nam a2200181Ia 4500
003 GCL
008 140319s9999 xx 000 0 eng d
040 _aGCL /
_cGCL
082 0 4 _a304.6
_bM P
100 1 _aMORELAND, R. SCOTT
245 1 0 _aPUTTING CHILDREN FIRST: HOUSEHOLD EXPENDITURES ON CHILDREN IN EGYPT /
_cMORELAND, R. SCOTT
700 1 _aNAGUIB, NORA GUHL
260 _a[S.N] :
_bNATIONAL POPULATION COUNCIL ،
_c1996
650 0 4 _aSOCIOLOGY
650 0 4 _aBIRTH CONTROL
650 0 4 _aEGYPT - POPULATION
942 _2ddc
_cBK
999 _c16375
_d16375